la cultura, un recurso para las regiones
Uloženo v:
| Korporativní autor: | |
|---|---|
| Médium: | Kniha |
| Jazyk: | španělština |
| Vydáno: |
Luxemburgo
Oficina de Publicaciones Oficiales de las Comunidades Europeas
1998
|
| Témata: | |
| Tagy: |
Přidat tag
Žádné tagy, Buďte první, kdo vytvoří štítek k tomuto záznamu!
|
MARC
| LEADER | 00000nam a2200000 a 4500 | ||
|---|---|---|---|
| 001 | UCP6327 | ||
| 003 | CL-VaPUC | ||
| 008 | 991021e19980000lu |||||||||||||||||spa|d | ||
| 082 | 0 | 4 | |a 306 |b COM |2 21 |
| 110 | 2 | |a Comunidades Europeas |e author |9 435380 | |
| 245 | 1 | 3 | |a la cultura, un recurso para las regiones |
| 300 | |a 31 p | ||
| 942 | |c BK | ||
| 945 | |d 19991021 00:00:00 |a rbrito | ||
| 260 | |a Luxemburgo |b Oficina de Publicaciones Oficiales de las Comunidades Europeas |c 1998 | ||
| 650 | 0 | |a Cultura |9 269059 | |
| 650 | 0 | |a Arte europeo |9 343005 | |
| 650 | 0 | |a Museos |9 269209 | |
| 650 | 0 | |a Turismo |9 308920 | |
| 651 | 0 | |a Europa |9 255156 | |
| 583 | |a last modification |c 20171130 01:21:04 |k Rodrigo Vera | ||
| 999 | |c 283917 |d 283915 | ||
| 952 | |0 0 |1 0 |4 0 |6 306_000000000000000_COM_1998 |7 0 |8 P |9 327454 |a BIBGIM |b BIBGIM |d 2019-11-20 |i 3507629 |o 306 COM 1998 |p 3507629 |r 2025-01-15 |w 2019-11-20 |y BK |k SSL | ||